[Event "Zalakaros op"]
[Site "Zalakaros"]
[Date "1996.??.??"]
[Round "8"]
[White "Kozlova, Olga"]
[Black "Szekeres, Tibor"]
[Result "1/2-1/2"]
[WhiteElo "2055"]
[BlackElo "2255"]

1.e4 g6 2.d4 Bg7 3.Nc3 d6 4.h4 h5 5.Nh3 Nc6 6.Be3 e5 7.dxe5 Nxe5 8.Bg5 f6
9.Bf4 Be6 10.f3 Qd7 11.Bb5 c6 12.Be2 Bh6 13.Bxh6 Nxh6 14.Nf4 Bf7 15.Qd4 O-O
16.O-O-O Rfd8 17.Nd3 Qe7 18.Nxe5 dxe5 19.Qe3 Kh7 20.g4 Rxd1+ 21.Rxd1 Be6
22.Rg1 Qd7 23.g5 Qd4 24.Qxd4 exd4 25.Na4 fxg5 26.hxg5 Nf7 27.Nc5 Bc8 28.f4 b6
29.Nd3 Kg7 30.Bf3 Ba6 31.Nb4 Bb7 32.e5 Rc8 33.Rd1 Rc7 34.c3 a5 35.Nc2 dxc3
36.bxc3 Bc8 37.Nd4 c5 38.Nb5 Rd7 39.Bd5 Re7 40.Nd6 Be6 41.Nc4 Nd8 42.Nxb6 Bg4
43.Rf1 Ne6  1/2-1/2

[Event "Zaragoza op"]
[Site "Zaragoza"]
[Date "1996.??.??"]
[Round "3"]
[White "Hernandez, Gilberto"]
[Black "Todorcevic, Miodrag"]
[Result "1/2-1/2"]
[WhiteElo "2555"]
[BlackElo "2450"]

1.e4 g6 2.d4 Bg7 3.Nc3 d6 4.Nge2 a6 5.a4 Nc6 6.h3 e5 7.dxe5 Nxe5 8.f4 Nd7
9.Be3 Ngf6 10.g4 O-O 11.Bg2 Re8 12.O-O h5 13.g5 Nh7 14.Qd2 Ndf8 15.Rae1 Bd7
16.Bd4 Bxd4+ 17.Nxd4 c5 18.Nde2 Bc6 19.b3 b5 20.axb5 axb5 21.Nd5 b4 22.Ra1 Ne6
23.h4 Bxd5 24.Qxd5 Rxa1 25.Rxa1 Qb6 26.Rd1 Qa6 27.Bf3 Nhf8 28.Qxd6 Qc8 29.Qb6 Qa8
30.Qb5 Rd8 31.Rxd8 Qxd8 32.Qd3 Qxd3 33.cxd3 Nd4 34.Nxd4 cxd4 35.e5 Ne6 36.Bd5 Nxf4
37.Bc4 Ne2+ 38.Kf2 Nc3 39.Kg3 Kf8 40.Kf3 Ke7 41.Kf4 Nd1 42.Ke4 Ne3 43.Kxd4 Nf5+
44.Kc5 Nxh4 45.Bd5 Nf5 46.Kxb4 h4 47.Kc3 h3 48.Kd2 h2 49.Ke2 Nd4+ 50.Kf2 Ne6
51.Kg3 Nc5 52.Kxh2 Nxd3 53.Kg3 Nxe5 54.b4  1/2-1/2

[Event "Zaragoza op"]
[Site "Zaragoza"]
[Date "1996.??.??"]
[Round "5"]
[White "Paramos Dominguez, Roberto"]
[Black "Ribeiro, Fernando"]
[Result "1-0"]
[WhiteElo "2415"]
[BlackElo "2325"]

1.d4 d6 2.e4 g6 3.Nc3 Bg7 4.Be3 c6 5.Qd2 b5 6.f3 a6 7.h4 h5 8.Bd3 Nd7 9.Nh3 Nb6
10.Ng5 Qc7 11.O-O-O f6 12.Nh3 e5 13.dxe5 dxe5 14.Be2 Bh6 15.g4 Bxe3 16.Qxe3 hxg4
17.fxg4 Bd7 18.Nf2 O-O-O 19.Qc5 Kb7 20.Nd3 Bc8 21.Nb4 Rxd1+ 22.Rxd1 Nd7 23.Qf2 Qb6
24.Qg3 Ne7 25.a4 a5 26.Nd3 b4 27.Nb1 Nc5 28.Nxc5+ Qxc5 29.Nd2 Be6 30.Qd3 Kc7
31.Kb1 Nc8 32.h5 gxh5 33.gxh5 Nd6 34.Nb3 Bxb3 35.Qxb3 Nxe4 36.Qf7+ Kb6 37.Rd7 Qf8
38.Rb7+ Kc5 39.Qc4+ Kd6 40.Qxe4 f5 41.Qd3+  1-0

[Event "Zaragoza op"]
[Site "Zaragoza"]
[Date "1996.??.??"]
[Round "6"]
[White "Wahls, Matthias"]
[Black "Strikovic, Aleksa"]
[Result "0-1"]
[WhiteElo "2555"]
[BlackElo "2520"]

1.e4 g6 2.d4 Bg7 3.Nc3 d6 4.f4 Nf6 5.Nf3 O-O 6.Bd3 Na6 7.O-O c5 8.d5 Bg4
9.Bc4 Nc7 10.h3 Bxf3 11.Qxf3 Rb8 12.a4 a6 13.a5 e6 14.dxe6 Nxe6 15.Ne2 Nd4
16.Nxd4 cxd4 17.e5 Ne8 18.f5 Bxe5 19.Bh6 Ng7 20.Qg4 Qf6 21.Bg5 gxf5 22.Bxf6 fxg4
23.Be7 Rfc8 24.Bxf7+ Kh8 25.Bb3 gxh3 26.gxh3 Re8 27.Rf7 Nf5 28.Bf6+ Bxf6
29.Rxf6 Re5 30.Rf1 Ne3 31.R1f4 Rxa5 32.Rxd4 d5 33.Kf2 Re8 34.Rf7 Ra1 35.Rxb7 Rf1+
36.Ke2 Rf5 37.Kd3 Rf3 38.Ke2 Rxh3 39.Ba4 Rg8 40.Bd7 Rg2+ 41.Kd3 Nf5+  0-1

[Event "Zlin op"]
[Site "Zlin"]
[Date "1996.??.??"]
[Round "6"]
[White "Talla, Vladimir"]
[Black "Ianov, Viktor"]
[Result "1/2-1/2"]
[WhiteElo "2285"]
[BlackElo "2415"]

1.e4 d6 2.d4 g6 3.Nc3 Bg7 4.Bg5 h6 5.Be3 a6 6.a4 b6 7.f3 Nd7 8.Qd2 e6 9.Nge2 Ne7
10.Nc1 Bb7 11.Nb3 Nf6 12.O-O-O Rc8 13.Kb1 Qd7 14.Be2 Qd8 15.Rhg1 d5 16.Bd3 dxe4
17.fxe4 Ng4 18.Bf4 c5 19.dxc5 O-O 20.Qe2 Ne5 21.Bxa6 Qc7 22.cxb6 Qxb6 23.Bb5 g5
24.Be3 Qc7 25.Bc5 N7g6 26.a5 Nf4 27.Qd2 Rfd8 28.Qe3 Ng4 29.Qg3 Bxc3  1/2-1/2

[Event "Zlin op"]
[Site "Zlin"]
[Date "1996.??.??"]
[Round "7"]
[White "Sosna, Jan"]
[Black "Ianov, Viktor"]
[Result "1/2-1/2"]
[WhiteElo "2295"]
[BlackElo "2415"]

1.e4 d6 2.d4 g6 3.Nc3 Bg7 4.Bc4 e6 5.Nf3 Ne7 6.O-O a6 7.Re1 Nd7 8.a4 b6 9.Bg5 h6
10.Bxe7 Qxe7 11.h4 Bb7 12.h5 g5 13.d5 Ne5 14.Nxe5 Bxe5 15.Rb1 O-O 16.Ne2 c5
17.Ng3 Kh8 18.Qd3 Qf6 19.c3 Bc8 20.Rec1 Kg7 21.b4 a5 22.bxc5 bxc5 23.Rb3 Qf4
24.Rcb1 Ra7 25.Rb8 Qg4 26.R1b6 Qf4 27.Rb1 Kh8 28.Bb5 Kg7 29.Bc4 Qh4 30.Rxc8 Rxc8
31.dxe6 fxe6 32.Bxe6 Rf8 33.Nf5+ Rxf5 34.exf5 Qh2+ 35.Kf1 Qh1+ 36.Ke2 Qxh5+
37.Kd2 Qh4 38.f6+ Bxf6 39.Rb8 Qxf2+ 40.Kd1 Qg1+ 41.Kc2 Qxg2+ 42.Kd1 Ra8 43.Bg8 Qg4+
44.Kd2 Qf4+ 45.Ke2 Qh2+ 46.Ke1 Qh4+ 47.Kd2 Qh2+ 48.Ke1 Qh1+ 49.Kd2 Qg2+ 50.Kd1 Qh1+
51.Kd2 Qg2+ 52.Kd1 Qg4+ 53.Kd2 Qf4+ 54.Ke2 Qh2+ 55.Ke1 Qh4+ 56.Kd2 Qh2+ 57.Ke1 Qh4+
58.Kd2 Qf2+ 59.Kd1 Qg1+ 60.Ke2 Qh2+  1/2-1/2

[Event "Weihnachts op"]
[Site "Zuerich"]
[Date "1996.??.??"]
[Round "4"]
[White "Schmid, Wolfgang"]
[Black "Pfister, Peter"]
[Result "1-0"]
[WhiteElo "2235"]
[BlackElo "2175"]

1.e4 g6 2.d4 Bg7 3.Nc3 d6 4.Bg5 c6 5.Qd2 Qb6 6.O-O-O Qa5 7.Nf3 Bg4 8.Kb1 Nd7
9.Bc4 Bxf3 10.gxf3 b5 11.Bb3 Nb6 12.f4 b4 13.Ne2 c5 14.dxc5 Qxc5 15.Nc1 Nf6
16.Bxf6 Bxf6 17.Nd3 Qc7 18.Nxb4 O-O 19.Nd5 Nxd5 20.Qxd5 a5 21.a4 Rad8 22.h4 e6
23.Qd3 d5 24.e5 Be7 25.h5 Bc5 26.Qh3 g5 27.Qg4 h6 28.Rde1 Qe7 29.fxg5 Qxg5
30.Qf3 Kh8 31.Rhg1 Qe7 32.Qf4 Kh7 33.c3 f5 34.exf6 Rxf6 35.Bc2+ Kh8 36.Qe5 Bd6
37.Qe2 Rb8 38.Qd3 Ba3 39.b3 Bc5 40.Rg6 Rbf8 41.Rxe6 Qxe6 42.Rxf6 Qxf6 43.Qh7+  1-0

[Event "Ano Liosia op"]
[Site "Athens"]
[Date "1997.01.04"]
[Round "2"]
[White "Cela, Altin"]
[Black "Fragiadakis, Konstantinos"]
[Result "1-0"]
[WhiteElo "2445"]
[BlackElo "2125"]

1.e4 d6 2.d4 g6 3.Nc3 Bg7 4.f4 c5 5.dxc5 Bxc3+ 6.bxc3 dxc5 7.Bd3 Nf6 8.Qe2 Bg4
9.Nf3 Qb6 10.Be3 Qb2 11.O-O Qxc3 12.Rab1 b6 13.Rb3 Qa5 14.Bd2 Bxf3 15.gxf3 Qxa2
16.Bc3 Nc6 17.Ra1 Qxa1+ 18.Bxa1 O-O-O 19.Bc4 Rhf8 20.Bxf6 exf6 21.Bd5  1-0

[Event "RUS-Cup4"]
[Site "Perm"]
[Date "1997.02.08"]
[Round "1"]
[White "Bezgodov, Alexei"]
[Black "Egorov, Evgeni"]
[Result "1/2-1/2"]
[WhiteElo "2570"]
[BlackElo "2375"]

1.e4 g6 2.d4 Bg7 3.Nc3 d6 4.Be3 a6 5.Qd2 Nd7 6.f4 b5 7.Be2 Bb7 8.Bf3 Nb6
9.b3 e6 10.e5 Bxf3 11.Nxf3 Qd7 12.O-O Qc6 13.a3 Ne7 14.Rae1 a5 15.Qd3 b4
16.axb4 axb4 17.Ne4 Nbd5 18.Bc1 Ra2 19.Rf2 h6 20.c4 Rxf2 21.Kxf2 Nb6 22.Nf6+ Kd8
23.Bd2 Nd7 24.Nxd7 Kxd7 25.Bxb4 Rb8 26.Bd2 d5 27.c5 Qb5 28.Qxb5+ Rxb5 29.Rb1 Nc8
30.Ke2 Rb7 31.Kd3 Kc6 32.g4 Ra7 33.Bc3 Ra2 34.Nd2 Ne7 35.Ra1 Rxa1 36.Bxa1 h5
37.h3 hxg4 38.hxg4 Bh6 39.Ke3 g5 40.fxg5 Bxg5+ 41.Ke2 Bxd2 42.Kxd2 Kb5 43.Bc3 Ng6
44.Ke3 Kc6 45.Kd3 Kd7 46.Bd2 c6 47.Bg5 Kc7 48.Ke2 Kd7 49.Bd2 Kc8 50.Ba5 Kd7
51.Kf3 Ke8 52.Bc7 Kd7 53.Bd6 Ke8 54.Kg3 Kd7 55.g5 Ke8 56.Kg4 Kd8 57.Kg3 Kd7  1/2-1/2

[Event "RUS-Cup6"]
[Site "Krasnodar"]
[Date "1997.03.14"]
[Round "4"]
[White "Landa, Konstantin"]
[Black "Zhelnin, Vladimir V"]
[Result "0-1"]
[WhiteElo "2570"]
[BlackElo "2475"]

1.d4 g6 2.e4 Bg7 3.Nc3 d6 4.g3 Nd7 5.Bg2 e5 6.Nge2 Nh6 7.h3 f5 8.Bxh6 Bxh6
9.exf5 gxf5 10.Nf4 Nf6 11.dxe5 dxe5 12.Qxd8+ Kxd8 13.Rd1+ Bd7 14.Bxb7 Rb8
15.Ne6+ Ke7 16.Nc5 Rxb7 17.Rxd7+ Nxd7 18.Nxb7 Rb8 19.Na5 Rxb2 20.Kd1 Ke6
21.Nb3 Bf8 22.Re1 Bb4 23.Re3 Nb6 24.Nd4+ Kf6 25.Ndb5 c6 26.Nxa7 Nc4 27.Rf3 Kg6
28.g4 e4 29.gxf5+ Kf7 30.Rg3 e3 31.fxe3 Bxc3 32.Nxc6 Nd6 33.Nd4 Rxa2 34.Rf3 Kf6
35.Nc6 Ra4 36.Ke2 Rc4 37.Nb8 Bb4 38.Kd3 Rc3+ 39.Kd4 Nb5+ 40.Ke4 Rc4+ 41.Kd3 Rc3+
42.Ke4 Nd6+ 43.Kd4 Rxc2 44.Nd7+ Ke7 45.Ne5 Rc8 46.Kd5 Rc5+ 47.Kd4 Nb5+ 48.Ke4 Bc3
49.f6+ Ke6 50.Ng4 h5 51.Kd3 Nd6 52.Nf2 Bxf6 53.Rf4 Ra5 54.Ke2 Bg5 55.Rf8 Nf5
56.e4 Ra2+ 57.Kf3 Nh4+ 58.Kg3 Ng6  0-1

[Event "RUS-Cup6"]
[Site "Krasnodar"]
[Date "1997.03.17"]
[Round "7"]
[White "Maiorov, Oleg"]
[Black "Zakharevich, Igor"]
[Result "0-1"]
[WhiteElo "2435"]
[BlackElo "2505"]

1.e4 g6 2.d4 Bg7 3.Nc3 d6 4.Bg5 c6 5.Qd2 b5 6.f4 b4 7.Nce2 Nf6 8.Bxf6 exf6
9.Qxb4 O-O 10.Nc3 d5 11.O-O-O a5 12.Qc5 dxe4 13.Nxe4 Re8 14.Nf2 Be6 15.a3 Qc7
16.Nd3 Nd7 17.Qc3 Nb6 18.Ne2 Na4 19.Qd2 Rab8 20.Nc3 Nxb2 21.Nxb2 Bf8 22.Nb1 Rb7
23.c4 Reb8 24.Bd3 Rxb2 25.Qxb2 Rxb2 26.Kxb2 Qxf4 27.Kc3 f5 28.g3 Qd6 29.Bc2 Bg7
30.Rhe1 c5  0-1

[Event "FRA-chT9697 final"]
[Site "Clichy"]
[Date "1997.05.01"]
[Round "8"]
[White "Sarthou, Gaetan"]
[Black "Weill, Roland"]
[Result "0-1"]
[WhiteElo "2305"]
[BlackElo "2270"]

1.d4 d6 2.e4 g6 3.Nc3 Bg7 4.Be3 Nf6 5.f3 e5 6.dxe5 dxe5 7.Qxd8+ Kxd8 8.Bc4 Be6
9.O-O-O+ Ke7 10.Nb5 Na6 11.Bxe6 Kxe6 12.Nh3 h6 13.Rd2 Rhd8 14.Rhd1 Rxd2 15.Rxd2 Ne8
16.Nf2 c6 17.Na3 Nd6 18.Nd3 Bf8 19.c4 Be7 20.c5 Ne8 21.Nc4 f6 22.b4 g5 23.Kb2 Nac7
24.a4 Ng7 25.Kc3 Nh5 26.g3 Ng7 27.Ndb2 f5 28.Na5 Rb8 29.Nbc4 f4 30.gxf4 exf4
31.Bd4 Nge8 32.Nxb7 Rxb7 33.Na5 Rb8 34.Nxc6 Rc8 35.b5 Ra8 36.Ra2 Nf6 37.Kc4 Nd7
38.Nxa7 Rxa7 39.c6 Ne5+ 40.Bxe5 Kxe5 41.b6 Ra8 42.b7 Rb8 43.Rd2 g4 44.fxg4 f3
45.Rd1 Rf8 46.a5 Kf4 47.a6 Nxa6 48.Kb5 Nc5 49.Kb6 Ne6 50.c7 Nxc7 51.Kxc7 Bf6
52.Rc1 Be5+ 53.Kb6 f2 54.Ka7 Ke3 55.Rc8 f1=Q  0-1

[Event "RUS-Cup7"]
[Site "Kstovo"]
[Date "1997.05.09"]
[Round "8"]
[White "Ulibin, Mikhail"]
[Black "Sichinava, Roman"]
[Result "1/2-1/2"]
[WhiteElo "2555"]
[BlackElo "2465"]

1.d4 d6 2.e4 g6 3.Nc3 Bg7 4.Bg5 c6 5.Qd2 b5 6.f4 b4 7.Nd1 Qb6 8.Nf3 d5 9.Nf2 Nf6
10.Bd3 dxe4 11.Nxe4 O-O 12.O-O Nbd7 13.f5 gxf5 14.Nxf6+ Nxf6 15.Bh6 Kh8 16.Bxg7+ Kxg7
17.Rae1 Be6 18.Qf4 Qb8 19.Ne5 Qd6 20.Re3 Kh8 21.Rh3 Rg8 22.Bxf5 Rg7 23.Ng6+ Rxg6
24.Qxd6 exd6 25.Bxg6 Bxh3 26.Rxf6 fxg6 27.gxh3 Rd8 28.Rf7 c5 29.Rxa7 cxd4
30.Rc7 d5 31.Rb7 Rc8 32.Rxb4 Rxc2 33.Rxd4 Rxb2 34.Rxd5 Rxa2  1/2-1/2

[Event "Capablanca 32th Elite"]
[Site "Cienfuegos"]
[Date "1997.05.17"]
[Round "9"]
[White "Hernandez, Gilberto"]
[Black "Spraggett, Kevin"]
[Result "1/2-1/2"]
[WhiteElo "2540"]
[BlackElo "2580"]

1.e4 g6 2.d4 Bg7 3.Nc3 d6 4.Nge2 Nf6 5.g3 O-O 6.Bg2 e5 7.h3 Nc6 8.Be3 Bd7
9.O-O exd4 10.Nxd4 Re8 11.Re1 Qc8 12.g4 h5 13.f3 a6 14.Qd2 Ne5 15.b3 hxg4
16.hxg4 b5 17.a3 Rb8 18.Rad1 a5 19.Nd5 Nxd5 20.exd5 a4 21.Bf2 Qa6 22.Ra1 Rbc8
23.Rad1 Ra8 24.Ra1 Rad8 25.Rad1 Ra8 26.Ra1 Qb7 27.g5 axb3 28.cxb3 Ra6 29.f4 Ng4
30.Rxe8+ Bxe8 31.Re1 Ra8 32.Nc6 Nxf2 33.Qxf2 Bxc6 34.dxc6 Qc8 35.f5 Qxf5
36.Qxf5 gxf5 37.Re7 Bd4+ 38.Kf1 Bb6 39.Bd5 Kg7 40.Bxf7 Rxa3 41.Bh5+ Kg8 42.Re8+  1/2-1/2

[Event "Villa Martelli"]
[Site "Villa Martelli"]
[Date "1997.06.01"]
[Round "1"]
[White "German, Gustavo"]
[Black "Ginzburg, Maximiliano"]
[Result "0-1"]
[WhiteElo "2500"]
[BlackElo "2450"]

1.e4 g6 2.d4 Bg7 3.Nc3 d6 4.Be3 c6 5.Qd2 b5 6.f3 a5 7.g4 h5 8.gxh5 Rxh5 9.Nge2 b4
10.Nd1 Nd7 11.Nf2 Rh8 12.a3 bxa3 13.Rxa3 Nb6 14.Ng3 a4 15.f4 Nf6 16.Be2 d5
17.e5 Ne4 18.Nfxe4 dxe4 19.c4 Bh3 20.Qc2 Bg2 21.Rg1 Bf3 22.Bxf3 exf3 23.Rf1 e6
24.Rxf3 Bf8 25.Ra1 Bb4+ 26.Kf1 Qc8 27.c5 Qa6+ 28.Kg1 Nd5 29.Qe2 Rh4 30.Qxa6 Rxa6
31.Ne4 Kf8 32.Bc1 Kg7 33.Kg2 Ra8 34.h3 Rhh8 35.Kf2 Rhb8 36.Ke2 Ne7 37.Ra2 Nf5
38.Rd3 Rd8 39.Be3 Rd5 40.Bf2 Rdd8 41.Kd1 Rh8 42.Kc2 Ne7 43.Nf6 Ra7 44.Ra1 Nf5
45.Rf3 Rd8 46.Rd3 Rh8 47.Rh1 Ba5 48.Ra1 Bb4 49.Ne4 Ne7 50.Rf3 Nd5 51.Nd6 Rh5
52.Nc4 Rf5 53.Bg3 Rh5 54.h4 Ne7 55.Nd6 Ra8 56.Kd3 Rhh8 57.Kc4 Rhb8 58.Ne4 Nd5
59.h5 a3 60.bxa3 Ra4 61.Kd3 Bxa3 62.Ke2 Rxd4 63.h6+ Kxh6 64.Rh1+ Kg7 65.Nf6 Rb2+
66.Kf1 Rd1+ 67.Be1 Rxe1+ 68.Kxe1 Rb1+ 69.Ke2 Rxh1 70.Rxa3 Rh2+ 71.Ke1 Nxf6
72.exf6+ Kxf6 73.Ra6 Rh4 74.Rxc6 Rxf4 75.Kd2 Ke5 76.Rc8 Kd5 77.c6 Kd6 78.Ke3 Rf5
79.Kd4 Rd5+ 80.Ke4 Rc5 81.Rf8 f5+ 82.Kd3 Rxc6 83.Rf6 g5  0-1

[Event "Villa Martelli"]
[Site "Villa Martelli"]
[Date "1997.06.04"]
[Round "4"]
[White "Rodriguez, Andres"]
[Black "Tkachiev, Vladislav"]
[Result "1/2-1/2"]
[WhiteElo "2565"]
[BlackElo "2630"]

1.e4 g6 2.d4 Bg7 3.Nc3 d6 4.h4 Nf6 5.Be2 c5 6.dxc5 Qa5 7.Bd2 Qxc5 8.h5 gxh5
9.Nh3 Nc6 10.Nf4 Bg4 11.f3 Be6 12.Qc1 Nd4 13.Bd3 Bc4 14.Bxc4 Qxc4 15.Be3 Rc8
16.Qd2 Ne6 17.Nxe6 fxe6 18.g3 Nd7 19.Rxh5 Bxc3  1/2-1/2

[Event "Villa Martelli"]
[Site "Villa Martelli"]
[Date "1997.06.10"]
[Round "10"]
[White "German, Gustavo"]
[Black "Tkachiev, Vladislav"]
[Result "0-1"]
[WhiteElo "2500"]
[BlackElo "2630"]

1.e4 g6 2.d4 Bg7 3.Nc3 d6 4.Be3 c6 5.Qd2 b5 6.f3 Nd7 7.a4 b4 8.Nd1 Qa5 9.Bd3 Ngf6
10.Ne2 O-O 11.O-O c5 12.c3 Rb8 13.cxb4 Qxb4 14.Qxb4 Rxb4 15.Bd2 Rb8 16.Bc3 cxd4
17.Nxd4 Nc5 18.Bc4 Bd7 19.Bb5 Rfc8 20.b4 Ne6 21.Nxe6 Bxe6 22.Ra3 Rc7 23.Rf2 Bh6
24.Re2 Rbc8 25.Kf2 Bc1 26.Bb2 Bxb2 27.Nxb2 Rc1 28.Bd3 d5 29.e5 Nd7 30.a5 Rb8
31.Ra4 Rc3 32.Bc2 Re8 33.Rd2 Rcc8 34.Bb1 Nxe5 35.Re2 Nc6 36.Re3  0-1

[Event "Politiken Cup"]
[Site "Copenhagen"]
[Date "1997.07.06"]
[Round "2"]
[White "Thuesen, Mogens"]
[Black "Hillarp Persson, Tiger"]
[Result "1/2-1/2"]
[WhiteElo "2235"]
[BlackElo "2445"]

1.e4 g6 2.d4 Bg7 3.Nc3 d6 4.f4 a6 5.Nf3 b5 6.Bd3 Nd7 7.O-O c5 8.dxc5 Nxc5
9.Bd2 Bb7 10.b4 Nxd3 11.cxd3 Rc8 12.Qb3 Nf6 13.h3 O-O 14.Rac1 e6 15.Be3 Re8
16.Ne2 Nd7 17.Rxc8 Qxc8 18.Ned4 Nb8 19.a4 bxa4 20.Qxa4 Qd7 21.Qxd7 Nxd7 22.Rc1 Rc8
23.Rxc8+ Bxc8 24.Nc6 Bb7 25.Na5 Ba8 26.Bd4 Bf8 27.Bc3 e5 28.fxe5 dxe5 29.Kf2 f6
30.Nc4 Kf7 31.g4 Ke6 32.h4 Bg7 33.h5 Bh6 34.hxg6 hxg6 35.Nh4 Nf8 36.Nf3 Bf4
37.Nfd2 Nd7 38.Nb3 Bh6 39.Bd2 Bf8 40.Bc3 Bc6 41.Nbd2 Bb5 42.Ke2 Nb8 43.Na5 Nc6
44.Nxc6 Bxc6 45.Nb3 Bb5 46.Nc5+ Kf7 47.Nb7 Be7 48.Na5 Ke6 49.Ke3 Bf8 50.Nc4 Bh6+
51.Ke2 Kf7 52.Nd6+ Ke6 53.Nc4 Bg7 54.Ke3 Bf8 55.Na5 Kf7 56.Nc4 Be7 57.Ke2 Bd8
58.Nd6+ Ke6 59.Nc4 Bc7 60.Nd2 Kd7 61.Nf3 Kd6 62.Nh4 Be8 63.Nf3 Bd7 64.g5 Bg4
65.gxf6 Ke6 66.Kf2 Kxf6 67.d4 Bxf3 68.Kxf3 exd4 69.Bxd4+ Be5 70.Bc5 Bc3 71.Ke3 Ke6
72.Kd3 Bb2 73.Be3 Be5 74.Kc4 Bd6 75.b5 axb5+ 76.Kxb5 Ke5 77.Kc6 Be7 78.Kd7 Bh4
79.Bh6 Kxe4 80.Ke6 Bd8 81.Bc1 Kf3 82.Kf7  1/2-1/2

[Event "Politiken Cup"]
[Site "Copenhagen"]
[Date "1997.07.12"]
[Round "7"]
[White "Mortensen, Erling"]
[Black "Hoi, Carsten"]
[Result "1-0"]
[WhiteElo "2455"]
[BlackElo "2420"]

1.e4 g6 2.d4 Bg7 3.Nc3 d6 4.f4 Nf6 5.Bd3 Bg4 6.Nf3 e5 7.dxe5 dxe5 8.f5 gxf5
9.exf5 Nbd7 10.O-O c6 11.Qe1 Bxf3 12.gxf3 Qc7 13.Kh1 O-O-O 14.Bg5 Rde8 15.Ne4 Nxe4
16.Bxe4 h5 17.b4 Kb8 18.a4 Bh6 19.Bh4 Rhg8 20.Rb1 Ka8 21.Qc3 Rc8 22.Rfd1 Bg5
23.Bxg5 Rxg5 24.Qd2  1-0

[Event "Politiken Cup"]
[Site "Copenhagen"]
[Date "1997.07.16"]
[Round "11"]
[White "Mortensen, Henrik"]
[Black "Kaspersen, Morten"]
[Result "0-1"]
[WhiteElo "2080"]
[BlackElo "2200"]

1.e4 g6 2.d4 Bg7 3.Nc3 d6 4.Nge2 Nf6 5.g3 O-O 6.Bg2 c6 7.a4 Nbd7 8.h3 e5
9.Be3 Qa5 10.O-O Re8 11.Re1 Nb6 12.Qd3 d5 13.dxe5 Nxe4 14.Nxe4 dxe4 15.Bxe4 Qxe5
16.Bg2 Bf5 17.Qb3 Be6 18.Qc3 Qxc3 19.Nxc3 Nc4  0-1

[Event "RUS-Cup10"]
[Site "Tomsk"]
[Date "1997.07.22"]
[Round "2"]
[White "Chigvintsev, Andrei"]
[Black "Kotsur, Pavel"]
[Result "1-0"]
[WhiteElo "2405"]
[BlackElo "2500"]

1.e4 g6 2.d4 Bg7 3.Nc3 d6 4.Be3 c6 5.Qd2 b5 6.Bd3 a6 7.a4 Bb7 8.Nf3 Nf6 9.Bh6 O-O
10.Bxg7 Kxg7 11.e5 Ng8 12.h4 c5 13.h5 Bxf3 14.gxf3 cxd4 15.hxg6 hxg6 16.Ne4 dxe5
17.Qg5 Re8 18.Qh4 Kf8 19.Qh8 e6 20.Rh7 Ke7 21.Qxe5 Qd5 22.Qf4 Rf8 23.axb5 Nd7
24.Rxa6 Ne5 25.Kf1 Rxa6 26.bxa6 Ra8 27.b4 Kd8 28.Rxf7 Nxf7 29.Qxf7 Ne7 30.Qf8+ Kd7
31.Nf6+ Kd6 32.Nxd5 Rxf8 33.Nxe7  1-0

[Event "RUS-Cup10"]
[Site "Tomsk"]
[Date "1997.07.25"]
[Round "4"]
[White "Voitsekhovsky, Stanislav"]
[Black "Irzhanov, Ruslan"]
[Result "1/2-1/2"]
[WhiteElo "2480"]
[BlackElo "2535"]

1.e4 g6 2.d4 Bg7 3.Nc3 d6 4.Nf3 Nf6 5.Bg5 O-O 6.e5 Nfd7 7.Qe2 Nc6 8.O-O-O f6
9.exf6 exf6 10.Be3 Nb6 11.d5 Ne5 12.Nxe5 fxe5 13.h4 Nd7 14.h5 Nf6 15.hxg6 hxg6
16.f3 Nh5 17.Qe1 Qe8 18.g4 Nf4 19.Ne4 Qe7 20.Qd2 Bd7 21.Bc4 Kf7 22.Bxf4 exf4
23.Qxf4+ Kg8 24.Qg3 Qe5 25.Qxe5 Bxe5 26.Rh3 Rf4 27.Bd3 Raf8 28.Nd2 Be8 29.Be4 Bf7
30.Nc4 Bf6 31.c3 Bg5 32.Kc2 Kg7 33.Na5 Rb8 34.Rg1 Bg8 35.Rd1 Rff8 36.a4 Rfe8
37.Nb3 c6 38.Nc1 c5 39.Nb3 b6 40.Nd2 a6 41.Ra1 Bf4 42.Nc4 Bf7 43.b3 b5 44.Na5 Bxd5  1/2-1/2

[Event "Brasilia"]
[Site "Brasilia"]
[Date "1997.07.26"]
[Round "13"]
[White "Silveira, Flavio M"]
[Black "Valle, Adriano"]
[Result "1/2-1/2"]
[WhiteElo "2385"]
[BlackElo "2225"]

1.e4 g6 2.d4 Bg7 3.Nc3 d6 4.Be2 a6 5.a4 Nf6 6.f4 O-O 7.Nf3 c5 8.d5 Bg4 9.O-O Nbd7
10.Kh1 b6 11.Be3 Ne8 12.Qd2 Nc7 13.Rae1 Rb8 14.Ng5 Bxe2 15.Nxe2 b5 16.axb5 axb5
17.c3 Nb6 18.b3 Ra8 19.f5 Ra3 20.fxg6 hxg6 21.Nf4 Bf6 22.Nh5 gxh5 23.Qe2 Bxg5
24.Qxh5 Ne8 25.Qxg5+ Ng7 26.Rf3 e5 27.Qh6 f6 28.Rh3 Ra7 29.Qh7+ Kf7 30.Rg3 Rg8
31.Rf1 Kf8 32.Bh6 Rf7 33.Rxg7 Rfxg7 34.Bxg7+ Rxg7 35.Qh8+ Rg8 36.Rxf6+ Ke7
37.Re6+ Kd7 38.Qh7+ Kc8 39.Qa7 Qc7 40.Qa6+ Kd8 41.Qxb5 Rf8 42.h3 Nc8 43.c4 Rf1+
44.Kh2 Qf7 45.Qa5+ Kd7  1/2-1/2

[Event "MK Cafe op-A"]
[Site "Koszalin"]
[Date "1997.08.03"]
[Round "1"]
[White "Grinfeld, Alla B"]
[Black "Urban, Klaudiusz"]
[Result "0-1"]
[WhiteElo "2275"]
[BlackElo "2490"]

1.e4 g6 2.d4 Bg7 3.Nc3 d6 4.Be3 a6 5.Qd2 b5 6.a4 b4 7.Na2 a5 8.c3 Nf6 9.f3 bxc3
10.Nxc3 O-O 11.h4 h5 12.Be2 Nc6 13.Rc1 Bd7 14.Nb5 Rc8 15.Nh3 Nb4 16.Ng5 c6
17.Nc3 Qc7 18.O-O Qb8 19.Rfd1 Rcd8 20.Qe1 Bc8 21.Qf2 Ba6 22.Rd2 Bxe2 23.Qxe2 e6
24.Kh1 Rfe8 25.Qf2 Rd7 26.Rcd1 Rb7 27.Qe2 Rc8 28.Rc1 Rd8 29.Kg1 Rbd7 30.Bf2 Qb7
31.Be3 Rc8 32.Bf2 Rdd8 33.Be3 Nd7 34.Bf2 d5  0-1

[Event "BCF-ch"]
[Site "Hove"]
[Date "1997.08.04"]
[Round "1"]
[White "Hunt, Adam"]
[Black "Pein, Malcolm"]
[Result "1-0"]
[WhiteElo "2225"]
[BlackElo "2430"]

1.e4 d6 2.d4 g6 3.Nc3 Bg7 4.Be3 Nf6 5.Qd2 O-O 6.f3 c6 7.h4 h5 8.O-O-O b5
9.Bd3 Nbd7 10.g4 e5 11.Nce2 exd4 12.Bg5 Qb6 13.Nf4 c5 14.gxh5 c4 15.h6 c3
16.bxc3 Qa5 17.cxd4 Qxa2 18.Qb4 Bh8 19.h5 a5 20.Qxd6 Ra6 21.Qc7 Qa3+ 22.Kd2 Nh7
23.hxg6 Nxg5 24.g7 Re8 25.Nh5 Rxh6 26.gxh8=Q+ Kxh8 27.Qf4 Qe7 28.Ne2 Nf8
29.Nf6 Kg7 30.Rxh6 Kxh6 31.Ng8+  1-0

[Event "MK Cafe op-A"]
[Site "Koszalin"]
[Date "1997.08.09"]
[Round "8"]
[White "Novikov, Yury"]
[Black "Ferenc, Jozef"]
[Result "1-0"]
[WhiteElo "2370"]
[BlackElo "2280"]

1.e4 d6 2.d4 g6 3.Nc3 Bg7 4.f4 Nf6 5.Nf3 Bg4 6.h3 Bxf3 7.Qxf3 c6 8.Be3 O-O
9.e5 dxe5 10.dxe5 Nd5 11.O-O-O e6 12.Bc5 Re8 13.Ne4 Qc7 14.c4 Nb6 15.h4 Nc8
16.h5 b6 17.Bf2 Nd7 18.Qh3 Nf8 19.Bh4 Ne7 20.Nf6+ Bxf6 21.Bxf6 Rad8 22.Rxd8 Qxd8
23.hxg6 fxg6 24.g4 Qc7 25.Bd3 Nc8 26.Be4 c5 27.f5 Qf7 28.Bc6  1-0

[Event "ST Lee Cup 4th"]
[Site "Beijing"]
[Date "1997.08.25"]
[Round "3"]
[White "Xie Jianjun"]
[Black "Tong Yuanming"]
[Result "1-0"]
[WhiteElo "2365"]
[BlackElo "2510"]

1.e4 g6 2.d4 Bg7 3.Nc3 d6 4.f4 Nf6 5.Bd3 e5 6.dxe5 dxe5 7.Nf3 Nc6 8.fxe5 Ng4
9.Bg5 Qd7 10.Qe2 Ngxe5 11.O-O-O Qg4 12.h3 Qg3 13.Nd5 Nxf3 14.Bf4 Nfd4 15.Nxc7+ Kf8
16.Bxg3 Nxe2+ 17.Bxe2 Rb8 18.Bd6+ Kg8 19.Rhf1 Be5 20.Bc4 Bxd6 21.Bxf7+ Kg7
22.Rxd6 Rf8 23.Bc4 Rxf1+ 24.Bxf1 Kf7 25.Bc4+ Ke7 26.Rd1 Ne5 27.Bb3 Bd7 28.Nd5+ Kf8
29.Nf6 Bc6 30.Nxh7+ Ke7 31.Ng5 Rf8 32.c3 Rf2 33.Rd2 Rf1+ 34.Kc2 Kf6 35.h4 Ke7
36.Bd5 Bb5 37.b3 b6 38.c4 Bd7 39.Kc3 Rh1 40.Kd4 Kd6 41.Nf7+ Nxf7 42.Bxf7 Rxh4
43.Bxg6 Be6 44.Rf2 Rg4 45.Rf6 Rxg2 46.Bf5  1-0

[Event "FRA-ch"]
[Site "Narbonne"]
[Date "1997.08.30"]
[Round "15"]
[White "Marciano, David"]
[Black "Chabanon, Jean Luc"]
[Result "1/2-1/2"]
[WhiteElo "2470"]
[BlackElo "2455"]

1.e4 g6 2.d4 Bg7 3.Nc3 d6 4.Be3 Nf6 5.Qd2 c6 6.f3 b5 7.O-O-O a6 8.Kb1 Qc7
9.Bh6 Bxh6 10.Qxh6 c5 11.dxc5 Qxc5 12.Nge2  1/2-1/2

[Event "POR-ch"]
[Site "Maceira"]
[Date "1997.09.05"]
[Round "3"]
[White "Dias, Paulo"]
[Black "Leonardo, Joao"]
[Result "0-1"]
[WhiteElo "2250"]
[BlackElo "2320"]

1.e4 g6 2.d4 Bg7 3.Nc3 d6 4.f4 c6 5.Be2 Qb6 6.Nf3 Bg4 7.Be3 Qxb2 8.Bd2 Qb6
9.Rb1 Qc7 10.e5 Nh6 11.O-O O-O 12.Qe1 Bxf3 13.Rxf3 Nf5 14.Qf2 dxe5 15.fxe5 Qd7
16.Rd3 f6 17.Ne4 Na6 18.exf6 Bxf6 19.Nxf6+ Rxf6 20.Bg5 Rf7 21.Rf3 Raf8 22.c3 b5
23.Rf1 Nc7 24.g4 Nd6 25.Rxf7 Rxf7 26.Qh4 Rxf1+ 27.Bxf1 Ne4 28.Bxe7 Nd5 29.Bg2 Nexc3
30.Bc5 Qe8 31.Qf2 a6 32.h4 Nf4 33.Bf1 Qe4 34.Bd6 Ne6 35.Bg2 Qxg4 36.Be5 Nf4
37.Bxf4 Ne2+ 38.Kf1 Nxf4 39.Bxc6 Qd1+ 40.Qe1 Qd3+ 41.Kg1 Qxd4+ 42.Kh1 Qd6
43.Qe8+ Kg7 44.Qd7+ Qxd7 45.Bxd7 b4 46.Kg1 Kf6 47.Kf2 Nd3+ 48.Ke3 Nc1 49.Bc8 a5  0-1

[Event "Chania op 7th"]
[Site "Chania"]
[Date "1997.09.06"]
[Round "4"]
[White "Fanouraki, Niki"]
[Black "Kourkounakis, Ilias"]
[Result "0-1"]
[WhiteElo "2075"]
[BlackElo "2405"]

1.e4 g6 2.d4 Bg7 3.Nc3 d6 4.Nf3 Nf6 5.Be2 O-O 6.O-O a6 7.h3 b5 8.e5 Nfd7
9.e6 fxe6 10.Ng5 Nf6 11.Bf3 d5 12.Re1 Qd6 13.Qe2 Nc6 14.Nxe6 Bxe6 15.Qxe6+ Qxe6
16.Rxe6 Nxd4 17.Rxe7 Nxf3+ 18.gxf3 d4 19.Ne2 Nd5 20.Rd7 c6 21.f4 Rae8 22.Kf1 Nb6
23.Rd6 Rf6 24.Rxf6 Bxf6 25.Rb1 Na4 26.Bd2 d3 27.cxd3 Nxb2 28.Rc1 Re6 29.d4 Nc4
30.Bc3 Kf7 31.Rd1 Nb6 32.Rd3 Nd5 33.Bd2 Re8 34.Be3 Be7 35.Kg2 Ke6 36.Kf3 Bd6
37.Rd1 a5 38.Rg1 a4 39.Rg4 b4 40.Rg1 Nf6 41.Rc1 Kd5 42.Ng3 b3 43.axb3 axb3
44.Ne2 Ne4 45.Kg2 b2 46.Rb1 Ba3 47.Kf1 Kc4 48.Ke1 Kd3  0-1